000 00329nam a22001457a 4500
003 OSt
005 20211224140650.0
008 211224b |||||||| |||| 00| 0 eng d
020 _a8177227238
040 _cHU
082 _a005.1
100 _aGupta
_91644
245 _aComdex Net Programming Course Kit
942 _2ddc
_cBOOKS
_n0
999 _c24000
_d24000